000 01223nam a2200277Ia 4500
003 OSt
005 20220918110925.0
006 a|||||r|||| 00| 0
007 ta
008 220915b |||||||| |||| 00| 0 hin d
020 _a8177143123 (hbk)
_c4800
024 _a260447
037 _b374, 11/02/2011, Swaraj Prakashan
_cReference Collections
040 _aARTS
_cARTS
_bhin
041 _2hin
_ahin
082 _aO152,2M50x, P8.1-.6(RR)
100 _aभारतेन्दु हरिशचन्द्र
_910224
245 0 _aभारतेन्दु हरिश्चन्द्र ग्रन्थावली
246 _aBhāratendu harishchandra granthāvalī
260 _aनई दिल्ली
_bप्रकाशन संस्थान भारत
_c2008
490 _vखंड 1
650 _aहिन्दी साहित्य
700 _a ओमप्रकाश सिंह, संपा.
_910225
942 _hO152,2M50x, P8.1-.6(RR)
_cREF
999 _c115780
_d115780